| 000 | 00861nam a2200217 a 4500 | ||
|---|---|---|---|
| 001 | 80909 | ||
| 003 | BD-RjUL | ||
| 005 | 20221206152013.0 | ||
| 008 | 221206s2021 bg ||||| |||| 00| 0 ben d | ||
| 035 | _a(BD-RjUL)80909 | ||
| 040 |
_aBD-RjUL _beng _cBD-RjUL |
||
| 041 | _aben | ||
| 082 |
_223 _a954.9205092 _bRAK 2021 |
||
| 245 |
_aরক্তাক্ত ১৫ আগস্ট / _cসম্পাদনা আজিজার রহমান তাজ |
||
| 260 |
_aবগুড়া : _bবঙ্গবন্ধু গবেষণা পর্ষদ, _c২০২১ |
||
| 300 |
_a১৬৮ পৃ.; _c২৩ সেমি. |
||
| 600 |
_aমুজিবুর রহমান, শেখ, _d১৯২০-১৯৭৫ |
||
| 600 |
_aMujibur Rahman, Sheikh, _d1920-1975 |
||
| 700 |
_aতাজ, আজিজার রহমান _96186 |
||
| 942 |
_2ddc _cBK |
||
| 999 |
_c80909 _d80909 |
||